00382nam a22001337a 450000500170000000800410001704100130005808200130007110000130008424500520009726000480014930000250019765000260022220240319075214.0240319b |||||||| |||| 00| 0 eng d aEnglish  a349 IND  lEnglish  aIndustrial Law Journal : cedited by M Brassey  aCape Town : bJuta and Company Ltd, c1983  b96 pages ; c25 cm.  aLegal practice bLaw